000 00411cam a2200145 4500500
005 20251012032442.0
041 _afre
042 _adc
100 1 0 _aMotoret, Laurence
_eauthor
245 0 0 _aPages de début
260 _c2000.
500 _a86
786 0 _nSigila | 5 | 1 | 2000-06-20 | p. 3-10 | 1286-1715
856 4 1 _uhttps://shs.cairn.info/revue-sigila-2000-1-page-3?lang=fr&redirect-ssocas=7080
999 _c1547321
_d1547321